[Event "4NCL Division 3 North"]
[Site "Bolton, ENG"]
[Date "2018.01.14"]
[Round "4.93"]
[White "Combie, Alex B"]
[Black "Ye, Kevin"]
[Result "1-0"]
[WhiteElo "1960"]
[BlackElo "1742"]
[PlyCount "139"]
[EventDate "2018.01.14"]
[WhiteTeam "Ashfield-Breadsall 1"]
[BlackTeam "3Cs 3"]

1. d4 d5 2. c4 e6 3. Nf3 Nf6 4. g3 Be7 5. Bg2 O-O 6. O-O dxc4 7. Qa4 a6 8. Qxc4
b5 9. Qc2 Bb7 10. Bd2 Be4 11. Qc1 c6 12. Rd1 Nbd7 13. Bg5 Qc7 14. Nbd2 Bg6 15.
Nh4 Rac8 16. Nxg6 hxg6 17. Bf4 Bd6 18. Bxd6 Qxd6 19. Nb3 e5 20. dxe5 Qxe5 21.
Bh3 Rc7 22. Qc2 Re8 23. e3 c5 24. Rac1 Qh5 25. Bg2 Rec8 26. Nd2 Ne5 27. Ne4 Nh7
28. Rd5 Nf3+ 29. Bxf3 Qxf3 30. Rcd1 Nf6 31. Rd8+ Ne8 32. Rxc8 Rxc8 33. Nc3 Nf6
34. Qe2 Qf5 35. Kg2 Re8 36. Qd3 Qe6 37. Qd6 Qc8 38. Nd5 Nxd5 39. Rxd5 c4 40.
Rc5 Qe6 41. Qxe6 Rxe6 42. a4 Rb6 43. axb5 axb5 44. Kf3 Kf8 45. Ke4 Ke7 46. Kd4
Kd6 47. e4 f6 48. f4 Rb8 49. e5+ Ke6 50. Rd5 c3 51. bxc3 b4 52. Rd6+ Ke7 53.
cxb4 Rxb4+ 54. Ke3 Rb2 55. Rd2 Rxd2 56. exf6+ gxf6 57. Kxd2 g5 58. Ke3 Kf7 59.
f5 Ke7 60. Ke4 Kd6 61. h4 Ke7 62. hxg5 fxg5 63. g4 Kf6 64. Kd5 Kf7 65. Ke5 Ke7
66. f6+ Kf7 67. Kf5 Kg8 68. Ke5 Kf7 69. Kf5 Kf8 70. Ke6 1-0

[Event "4NCL Division 3 North"]
[Site "Bolton, ENG"]
[Date "2018.01.14"]
[Round "4.94"]
[White "Harman, George"]
[Black "Somton, Anita"]
[Result "0-1"]
[WhiteElo "1660"]
[BlackElo "1967"]
[PlyCount "57"]
[EventDate "2018.01.14"]
[WhiteTeam "3Cs 3"]
[BlackTeam "Ashfield-Breadsall 1"]

1. e4 c5 2. Nf3 Nc6 3. d4 cxd4 4. Nxd4 e5 5. Nb3 Nf6 6. Nc3 d6 7. Bc4 Be6 8.
Bd5 Be7 9. f3 Qb6 10. a4 a5 11. Bg5 Nxd5 12. exd5 Bxg5 13. dxe6 O-O 14. exf7+
Rxf7 15. Nd5 Qa7 16. Qd3 Re8 17. Qe4 Ne7 18. Qg4 Nxd5 19. Qxg5 Ne3 20. Kd2 Nc4+
21. Kc3 Rc8 22. Rhc1 Rf4 23. Re1 Na3+ 24. Kd3 Qa6+ 25. Ke3 Nxc2+ 26. Kd2 Nxa1
27. Rxa1 Qb6 28. Qe7 Qxb3 29. Rd1 0-1

[Event "4NCL Division 3 North"]
[Site "Bolton, ENG"]
[Date "2018.01.14"]
[Round "4.95"]
[White "Flynn, David"]
[Black "Moorcroft, Karl"]
[Result "1-0"]
[WhiteElo "1876"]
[BlackElo "1645"]
[PlyCount "40"]
[EventDate "2018.01.14"]
[WhiteTeam "Ashfield-Breadsall 1"]
[BlackTeam "3Cs 3"]

1. e4 c6 2. d4 d5 3. e5 Bf5 4. Nf3 e6 5. Be2 Nd7 6. O-O Nh6 7. Nbd2 Be7 8. Nb3
Bg6 9. c3 Nf5 10. g4 Nh6 11. Ne1 f5 12. gxf5 Nxf5 13. Bh5 Bg5 14. f4 Bh6 15.
Bxg6+ hxg6 16. Qg4 O-O 17. Qxg6 Nh4 18. Qxe6+ Rf7 19. Qg4 Rf5 20. Ng2 Nxg2 1-0

[Event "4NCL Division 3 North"]
[Site "Bolton, ENG"]
[Date "2018.01.14"]
[Round "4.96"]
[White "McGee, Peter"]
[Black "Naylor, Michael A"]
[Result "0-1"]
[WhiteElo "1337"]
[BlackElo "1937"]
[PlyCount "60"]
[EventDate "2018.01.14"]
[WhiteTeam "3Cs 3"]
[BlackTeam "Ashfield-Breadsall 1"]

1. d4 d5 2. c4 e6 3. Nc3 Be7 4. Nf3 Nf6 5. g3 O-O 6. cxd5 exd5 7. Bg2 c6 8. O-O
Bf5 9. Bf4 Nbd7 10. Nd2 Nb6 11. b3 Re8 12. a4 a5 13. e4 dxe4 14. Ncxe4 Nbd5 15.
Be3 Nb4 16. Nxf6+ Bxf6 17. Nf3 Nc2 18. Rc1 Nxe3 19. fxe3 Rxe3 20. Nh4 Rd3 21.
Qe2 Qxd4+ 22. Kh1 Bg4 23. Bf3 Bxf3+ 24. Nxf3 Qe3 25. Rce1 Qxe2 26. Rxe2 Rxb3
27. Nd2 Rb2 28. Rfe1 Kf8 29. Kg2 Rd8 30. Kf2 Rbxd2 0-1

[Event "4NCL Division 3 North"]
[Site "Bolton, ENG"]
[Date "2018.01.14"]
[Round "4.101"]
[White "Rutter, Nick J"]
[Black "Hilton, Tim"]
[Result "1-0"]
[WhiteElo "2245"]
[BlackElo "1967"]
[PlyCount "57"]
[EventDate "2018.01.14"]
[WhiteTeam "Shropshire 1"]
[BlackTeam "Manchester Manticores 3"]

1. e4 e6 2. d4 d5 3. Bd3 dxe4 4. Bxe4 Nf6 5. Bf3 c5 6. Ne2 Be7 7. O-O O-O 8.
Nbc3 Nbd7 9. dxc5 Bxc5 10. Bf4 e5 11. Bg5 Be7 12. Bxf6 Nxf6 13. Ng3 Qc7 14. Qe2
Be6 15. Rfe1 Nd7 16. Bd5 Bxd5 17. Nxd5 Qc5 18. Nf5 Bf6 19. Rad1 Rfd8 20. b4 Qf8
21. Qg4 Kh8 22. Ng3 Rac8 23. Nh5 Nb6 24. Ndxf6 gxf6 25. Nxf6 Qg7 26. Qf5 Nc4
27. Rd7 Rxd7 28. Qxd7 Nb6 29. Qf5 1-0

[Event "4NCL Division 3 North"]
[Site "Bolton, ENG"]
[Date "2018.01.14"]
[Round "4.102"]
[White "Tyton, Adam"]
[Black "Jamieson, Ian"]
[Result "1-0"]
[WhiteElo "1930"]
[BlackElo "2035"]
[PlyCount "73"]
[EventDate "2018.01.14"]
[WhiteTeam "Manchester Manticores 3"]
[BlackTeam "Shropshire 1"]

1. e4 Nf6 2. Nc3 e5 3. Nf3 Nc6 4. d4 exd4 5. Nxd4 Bb4 6. Nxc6 dxc6 7. Qxd8+
Kxd8 8. Bg5 Be7 9. Bc4 Rf8 10. O-O-O+ Ke8 11. f3 Nd7 12. Bf4 Bd8 13. Rhe1 Nc5
14. Be3 Be7 15. Bd4 Rg8 16. Be5 Be6 17. Bxe6 Nxe6 18. Ne2 Rc8 19. Rd3 a5 20.
Red1 Nc5 21. R3d2 a4 22. a3 Ne6 23. Kb1 Nc5 24. Ng3 Ne6 25. Nf5 Bg5 26. Rd7 g6
27. f4 gxf5 28. fxg5 fxe4 29. Bf6 c5 30. Re7+ Kf8 31. Rdd7 Nd8 32. Rxc7 Rb8 33.
Red7 Ke8 34. Bxd8 e3 35. Bf6 e2 36. Re7+ Kd8 37. Rxf7+ 1-0

[Event "4NCL Division 3 North"]
[Site "Bolton, ENG"]
[Date "2018.01.14"]
[Round "4.103"]
[White "Bryant, Richard B E"]
[Black "Jones, Neil T"]
[Result "1-0"]
[WhiteElo "2035"]
[BlackElo "1937"]
[PlyCount "29"]
[EventDate "2018.01.14"]
[WhiteTeam "Shropshire 1"]
[BlackTeam "Manchester Manticores 3"]

1. e4 c6 2. d4 d5 3. exd5 cxd5 4. c4 Nf6 5. Nc3 Nc6 6. Bg5 Be6 7. g3 h6 8. Bxf6
exf6 9. Bg2 Bb4 10. Nge2 Qa5 11. O-O Bxc3 12. Nxc3 Ne7 13. cxd5 Nxd5 14. Nxd5
Bxd5 15. Qe1+ 1-0

[Event "4NCL Division 3 North"]
[Site "Bolton, ENG"]
[Date "2018.01.14"]
[Round "4.105"]
[White "Whyte, Brian G"]
[Black "Potter, Steven"]
[Result "1-0"]
[WhiteElo "1997"]
[BlackElo "1870"]
[PlyCount "61"]
[EventDate "2018.01.14"]
[WhiteTeam "Shropshire 1"]
[BlackTeam "Manchester Manticores 3"]

1. g3 e6 2. Bg2 Nf6 3. c4 Nc6 4. b3 g6 5. Bb2 Bg7 6. Nf3 O-O 7. O-O b6 8. d4 d5
9. Nc3 Bb7 10. Rc1 Re8 11. Ne5 Na5 12. b4 Nc6 13. cxd5 Nxe5 14. dxe5 Nxd5 15.
Ne4 Rb8 16. Qa4 Kh8 17. Rfd1 Qe7 18. a3 a6 19. h4 b5 20. Qc2 Bh6 21. e3 Bxe3
22. fxe3 Nxe3 23. Qf2 Nxd1 24. Rxd1 Red8 25. Rf1 Rf8 26. Bc1 Bxe4 27. Bxe4 Kg7
28. Bg5 Qd7 29. Qf6+ Kg8 30. Bh6 Qd4+ 31. Kh2 1-0

[Event "4NCL Division 3 North"]
[Site "Bolton, ENG"]
[Date "2018.01.14"]
[Round "4.106"]
[White "Coward, Neil"]
[Black "Paul, Nathanael"]
[Result "0-1"]
[WhiteElo "1870"]
[BlackElo "1997"]
[PlyCount "92"]
[EventDate "2018.01.14"]
[WhiteTeam "Manchester Manticores 3"]
[BlackTeam "Shropshire 1"]

1. e4 c6 2. d4 d5 3. Nc3 dxe4 4. Nxe4 Bf5 5. Nc3 e6 6. Nf3 Nd7 7. Bd3 Bg6 8.
O-O Ngf6 9. Ne2 Qc7 10. Nf4 Bd6 11. Ne2 O-O-O 12. Bg5 Bxd3 13. Qxd3 Rdg8 14.
Bh4 g5 15. Bg3 h5 16. Bxd6 Qxd6 17. Qa3 Qxa3 18. bxa3 Ne4 19. Rfd1 g4 20. Nd2
Nxd2 21. Rxd2 Nb6 22. Rd3 Rg5 23. Nc3 Rd8 24. Ne4 Rgd5 25. Nf6 Rxd4 26. Rxd4
Rxd4 27. Nxh5 Rc4 28. Nf6 Nd5 29. Nxd5 cxd5 30. h4 gxh3 31. gxh3 Rxc2 32. Kg2
Kd7 33. h4 Ke7 34. Rb1 b6 35. Rb3 Kf6 36. Rf3+ Kg7 37. Rg3+ Kh7 38. Rf3 Rc7 39.
Kg3 e5 40. Rf5 Re7 41. Kf3 Kg7 42. Ke3 f6 43. Rh5 Re8 44. Rf5 Rc8 45. Kd2 Rc4
46. Rh5 Ra4 0-1